Caballeros del Zodiaco - Estadísticas

Estadísticas generales
  • Esta prueba ha sido intentada 53 veces
  • La puntuación promedio es 12 de 22
Estadísticas de respuestas
Constelación Nombre % Correcto
Pegaso Seiya
86%
Fénix Ikki
81%
Cisne Hyoga
78%
Tauro Aldebarán
76%
Andrómeda Shun
73%
Leo Aioria
70%
Aries Mu
70%
Piscis Afrodita
68%
Sagitario Aioros
68%
Dragón Shiryu
68%
Escorpio Milo
65%
Virgo Shaka
65%
Acuario Camus
59%
Cáncer Máscara mortal
59%
Geminis Saga
59%
Capricornio Shura
51%
Libra Dohko
43%
Unicornio Jabu
32%
Hidra Ichi
22%
Lobo Nachi
19%
León menor Ban
16%
Oso Geki
11%
No se encontraron pruebas coincidentes
Distribución de puntuación
Porcentaje de gente con cada puntuación
Porcentaje por número respondido
Historial de tus puntuaciones
No has intentado esta prueba.